Effectif FC Séville saison 2023/2024 - Statistiques

Statistiques générales
  • Ce quiz a été pris 495 fois
    52 depuis la dernière actualisation
  • Le résultat moyen est 10 sur 29
Statistiques - réponses
Hint Réponse % Correct
D Sergio Ramos
72%
D Jesús Navas
69%
A Youssef En-Nesyri
66%
D Loïc Badé
59%
A Lucas Ocampos
59%
D Marcos Acuña
48%
G Marko Dmitrović
48%
A Suso
45%
M Djibril Sow
41%
A Dodi Lukebakio
38%
M Óliver Torres
38%
G Ørjan Nyland
38%
M Boubakary Soumaré
34%
A Erik Lamela
34%
D Marcão
34%
M Nemanja Gudelj
34%
D Adrià Pedrosa
31%
A Isaac Romero
31%
M Joan Jordán
31%
M Lucien Agoumé
31%
A Rafa Mir
28%
D Kike Salas
24%
A Adnan Januzaj
21%
Coach Quique Sánchez Flores
21%
D Juanlu Sánchez
14%
D Tanguy Kouassi
14%
A Alejo Véliz
10%
M Hannibal Mejbri
10%
A Mariano Díaz
10%
Aucun quiz correspondant
Distribution des résultats
% des personnes avec chaque résultat
Percentile par nombre de réponses
Votre historique - résultats
Vous n’avez pas pris ce quiz depuis la dernière actualisation